ਆਉ ਜੀ ਤੂੰ ਆਉ ਹਮਾਰੇ. / (Record no. 47886)

MARC details
000 -LEADER
fixed length control field 01346njm a22002777a 4500
005 - DATE AND TIME OF LATEST TRANSACTION
control field 20100922114049.0
006 - FIXED-LENGTH DATA ELEMENTS--ADDITIONAL MATERIAL CHARACTERISTICS--GENERAL INFORMATION
fixed length control field a|||||r|||||00| 0
007 - PHYSICAL DESCRIPTION FIXED FIELD--GENERAL INFORMATION
fixed length control field sd ammalaaahaa
008 - FIXED-LENGTH DATA ELEMENTS--GENERAL INFORMATION
fixed length control field 100922t xxu||||| |||| 00| 0 pun d
028 ## - PUBLISHER NUMBER
Publisher number ECSD,3003
Source His Master's Voice
035 ## - SYSTEM CONTROL NUMBER
System control number GR-02702
040 ## - CATALOGING SOURCE
Original cataloging agency SED
Transcribing agency SED
100 ## - MAIN ENTRY--PERSONAL NAME
Personal name ਬਖਸ਼ੀਸ਼ ਸਿੰਘ ਰਾਗੀ
9 (RLIN) 21104
245 ## - TITLE STATEMENT
Title ਆਉ ਜੀ ਤੂੰ ਆਉ ਹਮਾਰੇ. /
Statement of responsibility, etc ਬਖਸ਼ੀਸ਼ ਸਿੰਘ ਰਾਗੀ ਤੇ ਭਗਵੰਤ ਸਿੰਘ ਰਾਗੀ, ਸੰਗੀਤ-ਕੇ.ਏਸ. ਨਰੂਲਾ
Medium Medium [Sound recording]
246 ## - VARYING FORM OF TITLE
Title proper/short title Aao ji toon aao hamare( Bakhshish Singh Ragi & Bhagwant Singh Ragi
260 ## - PUBLICATION, DISTRIBUTION, ETC. (IMPRINT)
Place of publication, distribution, etc Dum Dum, India
Name of publisher, distributor, etc His Master's Voice
Date of publication, distribution, etc 1968
300 ## - PHYSICAL DESCRIPTION
Extent 1 Sound disc [Gramophon Recording]
Other physical details analog,33 1/3 rpm
Dimensions 12 in. (LP)
Type of unit Gramophon Record
500 ## - GENERAL NOTE
General note Brief record
500 ## - GENERAL NOTE
General note Record labels : His Master's Voice,Red
505 ## - FORMATTED CONTENTS NOTE
Formatted contents note Side-2 ਸੇ ਸੰਜੋਗ ਕਰੁ ਮੇਰੇ ਪਿਆਰੇ /(Se Sanjog Karo mere pyare) (Bhagwant Singh Ragi)
650 ## - SUBJECT ADDED ENTRY--TOPICAL TERM
Topical term or geographic name as entry element Punjabi Shabad Gurbani
General subdivision Excerpts
Geographic subdivision India
9 (RLIN) 21106
700 ## - ADDED ENTRY--PERSONAL NAME
Personal name ਭਗਵੰਤ ਸਿੰਘ ਰਾਗੀ
9 (RLIN) 22146
700 ## - ADDED ENTRY--PERSONAL NAME
Personal name ਕੇ.ਏਸ. ਨਰੂਲਾ
9 (RLIN) 22149
942 ## - ADDED ENTRY ELEMENTS (KOHA)
Source of classification or shelving scheme Dewey Decimal Classification
Item type Gramaphone Records
Holdings
Withdrawn status Lost status Source of classification or shelving scheme Damaged status Not for loan Collection code Home library Current library Date acquired Source of acquisition Total Checkouts Barcode Date last seen Copy number Price effective from Koha item type
    Dewey Decimal Classification     Non-fiction Central Jail Tihar Central Library 28/09/2010 SED/VEN   GR-02702 28/09/2010 1 28/09/2010 Gramaphone Records

© Delhi Public Library
Hit Counter
free hit counter